000 00361 a2200121 4500
001 ART_12273
005 20260410161904.0
008 260409a
245 1 0 _aUncorrelated residuals from linear models
100 1 _aDent, Warren
700 1 _aStyan, George P. H.
773 0 _tJournal of econometrics
_g- Vol. 7, NÂș 2 (abr. 1978)
_wREV11720
999 _c26221
_d26221